[Event "III Open Basso Veronese B"]
[Site "Casaleone ITA"]
[Date "2010.06.06"]
[Round "6"]
[White "Morandini, Alessandro"]
[Black "De Togni, Paolo"]
[Result "0-1"]
[WhiteElo "1422"]
[BlackElo "1368"]
[PlyCount "136"]
[EventDate "2010.05.29"]

1. Nf3 e6 2. d3 d5 3. Nbd2 Nf6 4. e4 c5 5. g3 Nc6 6. Bg2 Be7 7. O-O O-O 8. Re1
e5 9. Nf1 d4 10. h4 Ng4 11. N1h2 b6 12. Bg5 Nxh2 13. Kxh2 Bg4 14. Bxe7 Nxe7 15.
Bh3 Bxh3 16. Kxh3 Qd7+ 17. Kg2 f6 18. h5 Qg4 19. Rh1 Qd7 20. h6 g6 21. Rh4 b5
22. a3 a5 23. Qh1 a4 24. Qh3 Qxh3+ 25. Kxh3 Kf7 26. Kg2 Ke6 27. Rah1 Rg8 28. g4
g5 29. R4h3 Ng6 30. Kf1 Rgc8 31. Ke1 c4 32. Kd2 cxd3 33. Ne1 dxc2 34. Nd3 Rc4
35. Rc1 Nf4 36. Nxf4+ exf4 37. Rhh1 d3 38. Rh3 Rd8 39. Rxd3 Rxd3+ 40. Kxd3 Ke5
41. Rxc2 Rxc2 42. Kxc2 Kxe4 43. Kd2 Kd4 44. f3 Kc4 45. Kc2 b4 46. axb4 Kxb4 47.
Kb1 Kb3 48. Kc1 a3 49. bxa3 Kxa3 50. Kc2 Kb4 51. Kd3 Kc5 52. Ke4 Kd6 53. Kf5
Ke7 54. Ke4 Ke6 55. Kd4 f5 56. gxf5+ Kxf5 57. Kd3 Kg6 58. Ke2 Kxh6 59. Kf2 Kh5
60. Kg2 Kh4 61. Kh2 h5 62. Kg2 g4 63. fxg4 hxg4 64. Kh2 f3 65. Kg1 Kg3 66. Kh1
Kf2 67. Kh2 g3+ 68. Kh1 g2+ 0-1

[Event "III Open Basso Veronese B"]
[Site "Casaleone ITA"]
[Date "2010.06.06"]
[Round "6"]
[White "Moscato, Riccardo"]
[Black "Macalello, Angelo"]
[Result "0-1"]
[WhiteElo "1686"]
[BlackElo "1643"]
[PlyCount "55"]
[EventDate "2010.05.29"]

1. d4 d5 2. Nf3 Nf6 3. e3 g6 4. Bd3 Bg7 5. O-O O-O 6. Nbd2 c5 7. c3 Nbd7 8. Re1
b6 9. Nf1 Bb7 10. Ng3 Qc7 11. e4 dxe4 12. Nxe4 c4 13. Bc2 Rad8 14. Qe2 Nd5 15.
Be3 Rde8 16. Ned2 b5 17. Rad1 f5 18. g3 Qc6 19. Qf1 e5 20. dxe5 Nxe3 21. fxe3
Nxe5 22. e4 Nxf3+ 23. Qxf3 Bh6 24. Qg2 Qc5+ 25. Qf2 Qxf2+ 26. Kxf2 fxe4+ 27.
Kg1 e3 28. Nb1 0-1

[Event "III Open Basso Veronese B"]
[Site "Casaleone ITA"]
[Date "2010.06.06"]
[Round "6"]
[White "Rossi, Gianni"]
[Black "Pisani, Valerio"]
[Result "1/2-1/2"]
[WhiteElo "1886"]
[BlackElo "1771"]
[PlyCount "45"]
[EventDate "2010.05.29"]

1. d4 d5 2. e4 dxe4 3. Nc3 e5 4. Be3 exd4 5. Bxd4 Nf6 6. Bb5+ Bd7 7. Nge2 c6 8.
Bc4 b5 9. Bb3 a5 10. a4 b4 11. Bxf6 Qxf6 12. Nxe4 Qg6 13. N2g3 f5 14. Nd2 f4
15. Qe2+ Be7 16. Nge4 c5 17. O-O-O Nc6 18. Nf3 O-O-O 19. Qa6+ Kc7 20. Rhe1 Bf5
21. Qc4 Rxd1+ 22. Kxd1 Qxg2 23. Ned2 1/2-1/2

[Event "III Open Basso Veronese B"]
[Site "Casaleone ITA"]
[Date "2010.06.06"]
[Round "6"]
[White "Zanini, Andrea"]
[Black "Zanchetta, Nicola"]
[Result "0-1"]
[WhiteElo "1694"]
[BlackElo "1837"]
[PlyCount "69"]
[EventDate "2010.05.29"]

1. d4 d5 2. e4 dxe4 3. Nc3 Nf6 4. f3 exf3 5. Nxf3 Bg4 6. h3 Bxf3 7. Qxf3 c6 8.
Qf2 e6 9. Bg5 Bb4 10. Bd3 Qa5 11. Bd2 Nbd7 12. O-O O-O-O 13. a3 Bxc3 14. Bxc3
Qd5 15. Rae1 Rdg8 16. b3 b5 17. a4 g5 18. Qg3 g4 19. Ba5 Qxd4+ 20. Kh1 Nb6 21.
axb5 gxh3 22. Qxh3 Rg4 23. Bxb6 axb6 24. Ra1 Rh4 25. Ra8+ Kc7 26. Rxh8 Rxh3+
27. gxh3 Qh4 28. Rf3 cxb5 29. Rf8 Kd6 30. Rxf7 Nh5 31. Rxh7 Qe1+ 32. Kg2 Qd2+
33. Rf2 Qg5+ 34. Kh2 Qg3+ 35. Kh1 0-1

[Event "III Open Basso Veronese B"]
[Site "Casaleone ITA"]
[Date "2010.06.06"]
[Round "6"]
[White "Zonta, Riccardo"]
[Black "Avanzini, Angelo"]
[Result "0-1"]
[WhiteElo "1668"]
[BlackElo "1410"]
[PlyCount "72"]
[EventDate "2010.05.29"]

1. e4 e5 2. Nc3 Nc6 3. g3 Nf6 4. Bg2 Bc5 5. d3 O-O 6. Nf3 d5 7. O-O d4 8. Ne2
Bg4 9. h3 Bxf3 10. Bxf3 Qd7 11. Bg2 Nh5 12. Kh2 Nf6 13. f4 Rfe8 14. f5 a5 15.
Bg5 Qd6 16. a3 b5 17. b4 axb4 18. axb4 Nxb4 19. Rb1 Ra2 20. c3 dxc3 21. Nxc3
Ra5 22. Bxf6 Qxf6 23. Qd2 c6 24. Rb2 Rd8 25. Rf3 Rd4 26. Ne2 Qd6 27. Nxd4 Qxd4
28. h4 Ra1 29. Kh3 f6 30. g4 Ra3 31. Bf1 Na6 32. Ra2 b4 33. Rxa3 bxa3 34. Qa2+
Kf8 35. Qc4 Qxc4 36. dxc4 a2 0-1

[Event "XVI C.to Mondiale ICSC a squadre"]
[Site "Estoril POR"]
[Date "2010.06.??"]
[Round "?"]
[White "Bozinovic, Bogdan"]
[Black "Caroli, Tommaso"]
[Result "1-0"]
[WhiteElo "2244"]
[BlackElo "1913"]
[PlyCount "45"]
[EventDate "2010.06.03"]

1. d4 Nf6 2. c4 c5 3. d5 b5 4. cxb5 a6 5. bxa6 d6 6. g3 g6 7. Bg2 Bg7 8. Nf3
Bxa6 9. Nc3 Nbd7 10. O-O O-O 11. Rb1 Qa5 12. Bd2 Qc7 13. b3 Nb6 14. Nh4 h6 15.
Re1 Nfd7 16. Qc2 Rac8 17. Rbd1 Qa7 18. Bc1 Ne5 19. h3 g5 20. Nf5 Ng6 21. Bb2
Qb7 22. Ne4 f6 23. Nexd6 1-0

[Event "XVI C.to Mondiale ICSC a squadre"]
[Site "Estoril POR"]
[Date "2010.06.??"]
[Round "?"]
[White "Cellucci, Alessandro"]
[Black "Vujcic, Toni"]
[Result "1/2-1/2"]
[WhiteElo "1979"]
[BlackElo "2146"]
[PlyCount "84"]
[EventDate "2010.06.03"]

1. e4 c6 2. d4 d5 3. Nc3 dxe4 4. Nxe4 Bf5 5. Ng3 Bg6 6. h4 h6 7. Nf3 Nd7 8. h5
Bh7 9. Bd3 Bxd3 10. Qxd3 e6 11. Bd2 Ngf6 12. O-O-O Qc7 13. Ne4 Nxe4 14. Qxe4
Nf6 15. Qe2 O-O-O 16. c4 c5 17. Bc3 Qf4+ 18. Bd2 Qe4 19. Qxe4 Nxe4 20. Be3 cxd4
21. Bxd4 Bc5 22. Bxc5 Nxc5 23. Ne5 Rxd1+ 24. Rxd1 Rf8 25. f3 a5 26. Kc2 Kc7 27.
Rd4 f6 28. Nd3 Nxd3 29. Kxd3 Kc6 30. b3 b6 31. a3 Re8 32. Kc3 f5 33. Kd3 g5 34.
Ke3 Rg8 35. g4 fxg4 36. fxg4 Rf8 37. b4 axb4 38. axb4 Rf1 39. Ke2 Rf8 40. Ke3
Rf1 41. Ke2 e5 42. Re4 Rf4 1/2-1/2

[Event "XVI C.to Mondiale ICSC a squadre"]
[Site "Estoril POR"]
[Date "2010.06.??"]
[Round "?"]
[White "Collutiis, Duilio"]
[Black "Klaric, Zlatko"]
[Result "1/2-1/2"]
[WhiteElo "2426"]
[BlackElo "2401"]
[PlyCount "50"]
[EventDate "2010.06.03"]

1. e4 e5 2. Nf3 Nc6 3. Bb5 Nd4 4. Nxd4 exd4 5. Bc4 g6 6. O-O Bg7 7. f4 Ne7 8.
f5 d5 9. Bb3 gxf5 10. Qh5 O-O 11. exf5 Bxf5 12. d3 Qd7 13. Bg5 Bg4 14. Qh4 Ng6
15. Qg3 Be2 16. Rf2 Be5 17. Bf4 Rae8 18. Bxe5 Rxe5 19. Nd2 Re3 20. Qg5 Re5 21.
Qg3 Re3 22. Qg5 c6 23. Qf6 Qg4 24. Ne4 Bd1 25. Kf1 dxe4 1/2-1/2

[Event "XVI C.to Mondiale ICSC a squadre"]
[Site "Estoril POR"]
[Date "2010.06.??"]
[Round "?"]
[White "Svec, Darko"]
[Black "Pasquotto, Mirko"]
[Result "1-0"]
[WhiteElo "1949"]
[BlackElo "1925"]
[PlyCount "77"]
[EventDate "2010.06.03"]

1. Nf3 Nf6 2. d4 g6 3. Bf4 Bg7 4. e3 O-O 5. Nbd2 d5 6. h3 Nbd7 7. Be2 c5 8. c3
Re8 9. O-O b6 10. a4 Bb7 11. Ne5 Nxe5 12. Bxe5 Nd7 13. Bxg7 Kxg7 14. Bb5 a6 15.
Bxd7 Qxd7 16. Nf3 f6 17. b4 cxd4 18. cxd4 Rac8 19. Qb3 Rc7 20. a5 b5 21. Rac1
Rec8 22. Rc5 Rxc5 23. bxc5 Qc7 24. Qc3 Bc6 25. Rb1 Re8 26. Ne1 e5 27. Nd3 exd4
28. exd4 Re4 29. Re1 b4 30. Nxb4 Qxa5 31. Ra1 Qb5 32. Rxa6 Be8 33. Rd6 Bf7 34.
Nxd5 Qb1+ 35. Kh2 Re1 36. Nxf6 Rh1+ 37. Kg3 Qf5 38. Qf3 Rxh3+ 39. gxh3 1-0

[Event "C.to Regionale Umbria"]
[Site "Foligno ITA"]
[Date "2010.06.04"]
[Round "1"]
[White "Balducci, Alessandro"]
[Black "Santocchi, Nicolas"]
[Result "1-0"]
[WhiteElo "1774"]
[BlackElo "1512"]
[PlyCount "61"]
[EventDate "2010.06.04"]

1. f4 d5 2. Nf3 Nf6 3. e3 Bf5 4. b3 e6 5. Bb2 Bd6 6. Bb5+ c6 7. Be2 Nbd7 8. O-O
Qc7 9. c4 O-O-O 10. Nc3 Rde8 11. d4 Ne4 12. c5 Be7 13. b4 h6 14. a4 g5 15. Ne5
f6 16. Nxd7 Kxd7 17. b5 gxf4 18. exf4 Reg8 19. Bd3 Nxc3 20. Bxc3 Bh3 21. Rf2
Rg7 22. Qd2 Rhg8 23. Bf1 Bf5 24. Ra3 h5 25. Rb3 Qc8 26. Qb2 Bd8 27. bxc6+ bxc6
28. Rb7+ Ke8 29. Rb8 Qc7 30. a5 h4 31. a6 1-0

[Event "C.to Regionale Umbria"]
[Site "Foligno ITA"]
[Date "2010.06.04"]
[Round "1"]
[White "Bonugli, Carlo"]
[Black "Caruso, Augusto"]
[Result "1-0"]
[WhiteElo "2020"]
[BlackElo "2261"]
[PlyCount "86"]
[EventDate "2010.06.04"]

1. e4 e5 2. Bc4 Nf6 3. d3 Bc5 4. Nf3 Nc6 5. Nc3 h6 6. O-O a6 7. a3 d6 8. Be3
Bg4 9. h3 Bh5 10. g4 Bg6 11. b4 Ba7 12. Bxa7 Rxa7 13. Re1 Qd7 14. Kh2 Nxg4+ 15.
hxg4 Qxg4 16. Ng1 Qh4+ 17. Kg2 Bh5 18. Qc1 Nd4 19. Re3 Bf3+ 20. Rxf3 Nxf3 21.
Kxf3 h5 22. Ke2 Qg4+ 23. Nf3 b5 24. Bd5 c5 25. bxc5 Rc7 26. c6 Rh6 27. Qg5 f6
28. Qxg4 hxg4 29. Nd2 g6 30. Rg1 f5 31. Nf1 Ke7 32. Ne3 Kf6 33. Na2 Rh8 34. Nb4
a5 35. Na2 Rb8 36. Nc3 b4 37. axb4 axb4 38. Rb1 Kg5 39. Na2 f4 40. Nf1 Kh4 41.
Rxb4 Ra8 42. Rb7 Rxc6 43. Rh7+ 43... Kg5 {...} 1-0

[Event "C.to Regionale Umbria"]
[Site "Foligno ITA"]
[Date "2010.06.04"]
[Round "1"]
[White "Cardinali, Egidio"]
[Black "Ficco, Corrado"]
[Result "0-1"]
[WhiteElo "1999"]
[BlackElo "2150"]
[PlyCount "75"]
[EventDate "2010.06.04"]

1. e4 c5 2. c3 e6 3. Nf3 Nc6 4. d4 d5 5. exd5 exd5 6. Bb5 Bd6 7. O-O Nge7 8.
dxc5 Bxc5 9. Nbd2 O-O 10. Nb3 Bd6 11. Bg5 f6 12. Bh4 Bg4 13. Be2 Bh5 14. Nfd4
Bf7 15. Bg4 Re8 16. Re1 Be5 17. Qf3 Ng6 18. Nxc6 bxc6 19. Bg3 Qb6 20. Bf5 a5
21. Bxe5 fxe5 22. Qe3 Qc7 23. Qh3 Rab8 24. Rab1 c5 25. Nd2 e4 26. b3 Qf4 27.
Nf1 Nh4 28. Qg4 Ng6 29. Ne3 Qxg4 30. Nxg4 Nf4 31. c4 h5 32. Ne3 g6 33. Bd7 Re7
34. Bc6 d4 35. Nf1 d3 36. Rxe4 Rxe4 37. Bxe4 Bxc4 38. Nd2 {...} 0-1

[Event "C.to Regionale Umbria"]
[Site "Foligno ITA"]
[Date "2010.06.04"]
[Round "1"]
[White "Castaldini, Marzia"]
[Black "Sirci, Gianluca"]
[Result "1/2-1/2"]
[WhiteElo "1425"]
[BlackElo "1401"]
[PlyCount "99"]
[EventDate "2010.06.04"]

1. e4 d5 2. exd5 Qxd5 3. Nc3 Qa5 4. Nf3 Nf6 5. d4 c6 6. Bd2 Qd8 7. Be2 Be6 8.
h3 g6 9. Be3 Bg7 10. Qd2 O-O 11. Bh6 c5 12. Bxg7 Kxg7 13. dxc5 Nc6 14. Ng5
Qxd2+ 15. Kxd2 Rad8+ 16. Ke1 Bf5 17. Rc1 h6 18. g4 Bc8 19. Nge4 b6 20. cxb6
axb6 21. Rd1 Nd4 22. Rd2 Bb7 23. f3 Nxe2 24. Kxe2 Nxe4 25. fxe4 e6 26. Rhd1
Rde8 27. Rd6 Ba6+ 28. Ke1 Rb8 29. a4 Rfc8 30. R1d2 Bc4 31. b3 Bxb3 32. cxb3
Rxc3 33. R2d3 Rbc8 34. Rxc3 Rxc3 35. Rxb6 Re3+ 36. Kd2 Rxh3 37. a5 Rh2+ 38. Kc3
Ra2 39. a6 Kf6 40. b4 Ke7 41. Rb7+ Kd6 42. a7 f5 43. gxf5 gxf5 44. exf5 exf5
45. b5 Kc5 46. b6 f4 47. Rf7 Kxb6 48. Rxf4 Kxa7 49. Rh4 Ra6 50. Kd3 1/2-1/2

[Event "C.to Regionale Umbria"]
[Site "Foligno ITA"]
[Date "2010.06.04"]
[Round "1"]
[White "Cuppone, Fiorinto"]
[Black "Ballarini, Martin"]
[Result "1-0"]
[WhiteElo "1619"]
[BlackElo "1461"]
[PlyCount "55"]
[EventDate "2010.06.04"]

1. e4 c5 2. Nf3 d6 3. d4 cxd4 4. Nxd4 Nf6 5. Nc3 a6 6. Bc4 e6 7. O-O Be7 8. Kh1
O-O 9. f4 e5 10. Nf5 exf4 11. Bxf4 Nxe4 12. Nxe7+ Qxe7 13. Nxe4 Qxe4 14. Bd5
Qg6 15. c3 Nc6 16. Bxc6 bxc6 17. Qxd6 Qc2 18. Qxc6 Qxb2 19. Rab1 Qxa2 20. Qxa8
Be6 21. Qf3 Re8 22. Rb8 Rxb8 23. Bxb8 Bd5 24. Rd1 h6 25. Qxd5 Qc2 26. Qd8+ Kh7
27. Qd3+ Qxd3 28. Rxd3 1-0

[Event "C.to Regionale Umbria"]
[Site "Foligno ITA"]
[Date "2010.06.04"]
[Round "1"]
[White "De Santis, Alessio"]
[Black "Calandri, Fausto"]
[Result "1-0"]
[WhiteElo "2316"]
[BlackElo "2108"]
[PlyCount "125"]
[EventDate "2010.06.04"]

1. b3 Nf6 2. Bb2 e6 3. g3 c5 4. Bg2 d5 5. Nf3 Nc6 6. O-O Be7 7. c4 O-O 8. d3
Qc7 9. a3 b6 10. Nbd2 Bb7 11. Ra2 Rad8 12. Qa1 d4 13. b4 cxb4 14. axb4 Bxb4 15.
Nxd4 Nxd4 16. Bxd4 Bxg2 17. Kxg2 Bxd2 18. Rxd2 Ne8 19. Ra2 Rd7 20. Rc1 f5 21.
c5 bxc5 22. Bxc5 Rff7 23. Bxa7 Qxc1 24. Qxc1 Rxa7 25. Qc8 Rae7 26. Ra8 Rf8 27.
f4 Kf7 28. Kf3 Rg8 29. h3 Nf6 30. Qc6 Rxa8 31. Qxa8 h5 32. e4 Rd7 33. Ke3 Re7
34. Qa2 Kg6 35. Qa5 Kf7 36. Kf3 g5 37. Qb5 Re8 38. Qb6 Re7 39. Qc6 Re8 40. Ke3
Re7 41. Kd4 Re8 42. Ke5 Re7 43. Qa6 Nd7+ 44. Kd6 Nf6 45. Qc4 Ne8+ 46. Ke5 Nf6
47. Qc6 Nd7+ 48. Kd6 Nf6 49. Qc4 Ne8+ 50. Ke5 Nf6 51. Qc8 Re8 52. Qc7+ Re7 53.
Qd8 Ng8 54. Kd6 Re8 55. Qxg5 Ra8 56. g4 hxg4 57. hxg4 Ra3 58. gxf5 Rxd3+ 59.
Ke5 exf5 60. Qh5+ Kg7 61. Ke6 fxe4 62. Qg5+ Kf8 63. Qg6 1-0

[Event "C.to Regionale Umbria"]
[Site "Foligno ITA"]
[Date "2010.06.04"]
[Round "1"]
[White "Ferri, Fabio"]
[Black "Ognibene, Piero"]
[Result "1-0"]
[WhiteElo "1819"]
[BlackElo "1893"]
[PlyCount "77"]
[EventDate "2010.06.04"]

1. c4 Nf6 2. Nc3 e6 3. g3 d5 4. cxd5 exd5 5. d4 Be7 6. Bg2 O-O 7. Nf3 c6 8. O-O
Nbd7 9. Bg5 Ne4 10. Bxe7 Qxe7 11. Nd2 f5 12. e3 Nxd2 13. Qxd2 Nf6 14. Rae1 Ne4
15. Qe2 Qg5 16. f3 Nd6 17. e4 fxe4 18. fxe4 Bg4 19. Qd3 dxe4 20. Nxe4 Nxe4 21.
Bxe4 h6 22. Qb3+ Kh8 23. Rf7 Qd2 24. Qc3 Qxc3 25. Rxf8+ Rxf8 26. bxc3 Re8 27.
Kf2 Kg8 28. c4 Kf8 29. Ke3 Be6 30. Kd3 Ke7 31. d5 Rd8 32. Bf5 cxd5 33. Bxe6
dxc4+ 34. Kxc4 Rd2 35. Bg4+ Kf6 36. Re2 Rd6 37. Bf3 b6 38. Kb5 a5 39. Bc6 1-0

[Event "C.to Regionale Umbria"]
[Site "Foligno ITA"]
[Date "2010.06.04"]
[Round "1"]
[White "Marcugini, Stefano"]
[Black "Pastore, Cosmas"]
[Result "1/2-1/2"]
[WhiteElo "1898"]
[BlackElo "1823"]
[PlyCount "130"]
[EventDate "2010.06.04"]

1. e4 d5 2. exd5 Qxd5 3. Nc3 Qa5 4. d4 Nf6 5. Nf3 c6 6. Be2 Bf5 7. O-O e6 8. a3
Nbd7 9. Be3 Qc7 10. Qd2 Bd6 11. h3 Nd5 12. Nxd5 cxd5 13. Rac1 O-O 14. c4 dxc4
15. Rxc4 Qd8 16. Bf4 Nb6 17. Rcc1 Nd5 18. Bxd6 Qxd6 19. Ne5 Rac8 20. Nc4 Qe7
21. Ne3 Nxe3 22. fxe3 Qg5 23. Kh2 Be4 24. Bf3 Bxf3 25. gxf3 Qb5 26. Rf2 Rc6 27.
Rxc6 Qxc6 28. e4 Rd8 29. Qc3 Qd6+ 30. e5 Qxd4 31. Qxd4 Rxd4 32. Rc2 g6 33. Kg3
Rd7 34. Kg4 Kg7 35. h4 f6 36. f4 fxe5 37. fxe5 Rd4+ 38. Kg3 Rd7 39. Rc3 h6 40.
b3 a6 41. a4 b5 42. Rc6 Rd3+ 43. Kg2 Rxb3 44. Rxa6 bxa4 45. Rxe6 a3 46. Re7+
Kf8 47. Ra7 Rb2+ 48. Kg3 a2 49. Kf3 Rh2 50. Kg3 Rb2 51. Kf3 Ke8 52. e6 Rh2 53.
Kg3 Rb2 54. Kf3 Rb6 55. Rxa2 Rxe6 56. Ra7 Re7 57. Rxe7+ Kxe7 58. Ke3 Kd7 59.
Kd3 Ke6 60. Ke4 Kf6 61. Kf4 h5 62. Ke4 Kf7 63. Ke5 Ke7 64. Kf4 Kf6 65. Ke4 Ke7
1/2-1/2

[Event "C.to Regionale Umbria"]
[Site "Foligno ITA"]
[Date "2010.06.04"]
[Round "1"]
[White "Militello, Michele"]
[Black "Marsili, Riccardo"]
[Result "0-1"]
[WhiteElo "1835"]
[BlackElo "1907"]
[PlyCount "92"]
[EventDate "2010.06.04"]

1. d4 Nf6 2. Nf3 c5 3. e3 d5 4. b3 Nc6 5. Bb2 Bf5 6. Bd3 Bxd3 7. cxd3 e6 8. O-O
Bd6 9. dxc5 Bxc5 10. d4 Bd6 11. Nc3 O-O 12. Rc1 Rc8 13. Kh1 Qa5 14. a3 b5 15.
b4 Qb6 16. Qe2 a6 17. Rfd1 Ne7 18. Ne5 Rfd8 19. Nd3 Rc4 20. Nc5 Nc6 21. Nb1 a5
22. Rxc4 bxc4 23. Bc3 axb4 24. axb4 Nxb4 25. Qd2 Nc6 26. Na4 Qb5 27. Qc2 Ra8
28. Nb2 Ne4 29. f3 Nxc3 30. Nxc3 Qb7 31. Rb1 Nb4 32. Qd1 f6 33. g3 Qc6 34. Kg1
Na2 35. Nba4 Nxc3 36. Nxc3 Ra3 37. Qc2 Qa6 38. Nb5 Rxe3 39. Nxd6 Qxd6 40. Kf2
Rd3 41. Qb2 Rb3 42. Qa2 Qb4 43. Qa8+ Kf7 44. Rd1 Rb2+ 45. Kf1 Qb3 46. Qa1 Qxf3+
0-1

[Event "C.to Regionale Umbria"]
[Site "Foligno ITA"]
[Date "2010.06.04"]
[Round "1"]
[White "Rotoni, Matteo"]
[Black "Cenci, Federico"]
[Result "1-0"]
[WhiteElo "2142"]
[BlackElo "1986"]
[PlyCount "113"]
[EventDate "2010.06.04"]

1. e4 e5 2. Nf3 Nc6 3. d4 exd4 4. Nxd4 Nf6 5. Nc3 Bb4 6. Nxc6 bxc6 7. Bd3 O-O
8. O-O d5 9. exd5 cxd5 10. Bg5 c6 11. Na4 Bd6 12. Re1 Rb8 13. c3 h6 14. Bh4 Bf4
15. b4 Qd6 16. Bg3 Bxg3 17. hxg3 Bg4 18. f3 Qxg3 19. fxg4 Nxg4 20. Qf3 Qh2+ 21.
Kf1 Qh4 22. g3 Nh2+ 23. Kg2 Nxf3 24. gxh4 Nxe1+ 25. Rxe1 Rfe8 26. Rxe8+ Rxe8
27. Kf2 Kf8 28. Nc5 Ke7 29. Nb3 Kf6 30. a4 g5 31. Nd4 Rc8 32. h5 Rc7 33. Kf3 c5
34. Nb5 Rc8 35. Nd6 Rc6 36. Ne8+ Ke7 37. b5 Re6 38. Ng7 Rf6+ 39. Nf5+ Ke6 40.
Kg4 Ke5 41. a5 c4 42. Bc2 Ke6 43. b6 Kd7 44. Ba4+ Kc8 45. Ne7+ Kb7 46. Nxd5 Rd6
47. Nb4 axb6 48. a6+ Ka7 49. Bb5 Rd1 50. Bxc4 Re1 51. Nc6+ Ka8 52. Bd5 b5 53.
Bxf7 Rf1 54. Bd5 Rf4+ 55. Kg3 Rf8 56. Nb4+ Ka7 57. Bb7 1-0

[Event "C.to Regionale Umbria"]
[Site "Foligno ITA"]
[Date "2010.06.04"]
[Round "1"]
[White "Sabia, Corrado"]
[Black "Puglisi, Vincenzo"]
[Result "1/2-1/2"]
[WhiteElo "2209"]
[BlackElo "2015"]
[PlyCount "120"]
[EventDate "2010.06.04"]

1. c4 Nf6 2. g3 g6 3. Bg2 Bg7 4. Nc3 O-O 5. d3 d6 6. e4 e5 7. Nge2 Nc6 8. O-O
Nd4 9. Nxd4 exd4 10. Ne2 Nd7 11. h3 a5 12. Rb1 Nc5 13. b3 Bd7 14. Bb2 Ne6 15.
f4 c5 16. a4 Ra7 17. Bc1 b6 18. Bd2 Nc7 19. f5 Na6 20. g4 Nb4 21. Rf3 Nc6 22.
Bf4 Ne5 23. Rf2 g5 24. Bc1 f6 25. Ng3 Be8 26. Bf1 h6 27. Be2 Bh8 28. Rh2 Rh7
29. Rb2 Rff7 30. Bf3 Ra7 31. Rbg2 Kf8 32. Be2 Kg8 33. Kf2 Rag7 34. h4 Qe7 35.
Rh3 Qa7 36. Rgh2 Qe7 37. Qh1 Qa7 38. Kf1 Qe7 39. hxg5 hxg5 40. Nh5 Bxh5 41.
gxh5 Rh6 42. Rg3 Nf7 43. Bd2 Ne5 44. Qg2 Kf8 45. Ke1 Ke8 46. Kd1 Rg8 47. Kc2
Kf7 48. Qf2 Bg7 49. Rgh3 Bf8 50. Rh1 Qd8 51. R3h2 Be7 52. Rg2 Qe8 53. Ra1 Bd8
54. Rag1 Kg7 55. Rh1 Kh8 56. Qe1 Kh7 57. Qc1 Qe7 58. Rhg1 Rg7 59. Rg3 Kh8 60.
Kb2 Kh7 1/2-1/2

[Event "C.to Regionale Umbria"]
[Site "Foligno ITA"]
[Date "2010.06.04"]
[Round "1"]
[White "Trasciatti, Mirko"]
[Black "Parrini, Daniele"]
[Result "0-1"]
[WhiteElo "1926"]
[BlackElo "2120"]
[PlyCount "106"]
[EventDate "2010.06.04"]

1. f4 Nf6 2. e3 g6 3. Nf3 Bg7 4. d4 O-O 5. Bd3 d6 6. O-O Nbd7 7. Nbd2 e5 8.
fxe5 dxe5 9. c3 exd4 10. exd4 c5 11. Nb3 Qc7 12. dxc5 Nxc5 13. Nxc5 Qxc5+ 14.
Kh1 Bg4 15. Bd2 Rad8 16. Qc2 Qd6 17. Nd4 Nd5 18. Rae1 Nb4 19. Qb1 Nxd3 20. Qxd3
Be6 21. Qc2 Bc4 22. Rf3 Rfe8 23. Rfe3 Rxe3 24. Bxe3 Qa6 25. b3 Bd3 26. Qf2 Re8
27. a4 f5 28. Bg5 Be4 29. Rd1 Qb6 30. Qd2 a6 31. Be3 Qc5 32. b4 Qd5 33. Bg1 Bh6
34. Qf2 Be3 35. Qf1 Bh6 36. Nb5 Bxg2+ 37. Qxg2 Qxd1 38. Nd4 Re4 39. Qa2+ Kh8
40. Qd5 Re8 41. Qd7 Rf8 42. Qxb7 Be3 43. Nf3 Bxg1 44. Nxg1 Qxa4 45. Qd5 Qb5 46.
Qd4+ Kg8 47. Kg2 Qc6+ 48. Nf3 Rc8 49. Kg3 Qxc3 50. Qd5+ Kg7 51. Qd7+ Kh6 52.
Qd6 Qc7 53. Qxc7 53... Rxc7 {...} 0-1

[Event "C.to Regionale Umbria"]
[Site "Foligno ITA"]
[Date "2010.06.04"]
[Round "1"]
[White "Verdi, Enea"]
[Black "Pulcini, Lorenzo"]
[Result "1/2-1/2"]
[WhiteElo "1437"]
[BlackElo "1518"]
[PlyCount "38"]
[EventDate "2010.06.04"]

1. e4 c5 2. d4 d5 3. Nc3 dxe4 4. Nxe4 Bf5 5. Ng3 Bg6 6. Nf3 Nd7 7. Bc4 e6 8.
O-O Qc7 9. Re1 O-O-O 10. Qe2 Ngf6 11. a3 Bd6 12. b4 h5 13. Bg5 Rhe8 14. Bd3
Bxd3 15. cxd3 Nd5 16. Ne4 N7f6 17. Nxd6+ Qxd6 18. Qe5 Qxe5 19. dxe5 Nd7 1/2-1/2

[Event "C.to Regionale Umbria"]
[Site "Foligno ITA"]
[Date "2010.06.04"]
[Round "1"]
[White "Yamauchi, Juan"]
[Black "Anasetti, Alberto"]
[Result "0-1"]
[WhiteElo "1487"]
[BlackElo "1673"]
[PlyCount "40"]
[EventDate "2010.06.04"]

1. d4 Nf6 2. c4 g6 3. Nc3 d5 4. e3 Bg7 5. Bd3 O-O 6. Nge2 c5 7. O-O Nc6 8. a3
cxd4 9. exd4 e5 10. Bg5 Be6 11. cxd5 Bxd5 12. Be4 Bxe4 13. Nxe4 exd4 14. Qd3 h6
15. Bh4 g5 16. Bg3 Nxe4 17. Qxe4 Re8 18. Qd3 Qe7 19. Rae1 Qe4 20. Nc1 Qxe1 0-1

[Event "C.to Regionale Umbria"]
[Site "Foligno ITA"]
[Date "2010.06.04"]
[Round "2"]
[White "Anasetti, Alberto"]
[Black "Marcugini, Stefano"]
[Result "1/2-1/2"]
[WhiteElo "1673"]
[BlackElo "1898"]
[PlyCount "71"]
[EventDate "2010.06.04"]

1. e4 e6 2. d4 d5 3. exd5 exd5 4. c4 Nf6 5. Nc3 Bb4 6. Bd3 O-O 7. Nge2 dxc4 8.
Bxc4 Bf5 9. O-O c6 10. a3 Ba5 11. Ng3 Bg6 12. f4 Bc7 13. f5 Bh5 14. Nxh5 Nxh5
15. g4 Qh4 16. Rf2 Nf6 17. Be2 Re8 18. Rg2 Nbd7 19. Bd2 Ne4 20. Be1 Nxc3 21.
Bxh4 Nxd1 22. Rxd1 Nb6 23. Bf1 Nd5 24. Re2 Rxe2 25. Bxe2 Re8 26. Bf3 Kf8 27.
Re1 Rxe1+ 28. Bxe1 Ne3 29. Be2 Bb6 30. Bb4+ Ke8 31. Bc3 Nc2 32. Kg2 Nxd4 33.
Bd3 f6 34. h4 Nb5 35. Bxb5 cxb5 36. Kf3 {...} 1/2-1/2

[Event "C.to Regionale Umbria"]
[Site "Foligno ITA"]
[Date "2010.06.04"]
[Round "2"]
[White "Balducci, Alessandro"]
[Black "Bonugli, Carlo"]
[Result "0-1"]
[WhiteElo "1774"]
[BlackElo "2020"]
[PlyCount "78"]
[EventDate "2010.06.04"]

1. f4 d5 2. Nf3 Nc6 3. e3 Qd6 4. Bb5 Bd7 5. O-O O-O-O 6. b3 Nh6 7. Bb2 a6 8.
Be2 Bg4 9. Ne5 Bxe2 10. Qxe2 f6 11. Nxc6 Qxc6 12. d4 e6 13. c4 Nf5 14. Rc1 Qd7
15. c5 Ne7 16. a4 Nc6 17. Bc3 e5 18. Nd2 exd4 19. exd4 Re8 20. Qf2 Qg4 21. Re1
Be7 22. b4 g5 23. f5 Bd8 24. h3 Qh5 25. Re6 Rxe6 26. fxe6 g4 27. hxg4 Qxg4 28.
Re1 Be7 29. Qf3 Qh4 30. Re2 Nxd4 31. Bxd4 Qxd4+ 32. Kf1 Qxb4 33. Qxd5 Rd8 34.
Qa2 Qxc5 35. Nf3 Rd1+ 36. Re1 Rd5 37. Re4 Rd1+ 38. Ke2 Rc1 39. Kd2 Qc3+ 0-1

[Event "C.to Regionale Umbria"]
[Site "Foligno ITA"]
[Date "2010.06.04"]
[Round "2"]
[White "Calandri, Fausto"]
[Black "Ognibene, Piero"]
[Result "1/2-1/2"]
[WhiteElo "2108"]
[BlackElo "1893"]
[PlyCount "92"]
[EventDate "2010.06.04"]

1. e4 e5 2. Nf3 Nc6 3. d4 exd4 4. Nxd4 Bc5 5. Nxc6 Qf6 6. Qd2 dxc6 7. Nc3 Ne7
8. Qf4 Qxf4 9. Bxf4 Bb6 10. Bd3 Be6 11. Na4 Ba5+ 12. Bd2 Bxd2+ 13. Kxd2 b6 14.
Ke3 O-O 15. Rhd1 f5 16. Nc3 fxe4 17. Bxe4 Rae8 18. f3 Nd5+ 19. Kf2 Nxc3 20.
bxc3 c5 21. Rd2 Bc4 22. Bd3 Bxd3 23. cxd3 Re7 24. Re1 Rfe8 25. Re4 Kf7 26. Rde2
c6 27. Ke1 g5 28. Kd2 Kf6 29. a3 Re5 30. Re1 h5 31. g3 R8e7 32. a4 Re8 33. a5
b5 34. a6 R8e7 35. Rxe5 Rxe5 36. Re4 Ke6 37. Ke3 Kf6 38. Kd2 Ke6 39. f4 Rxe4
40. dxe4 gxf4 41. gxf4 c4 42. h4 c5 43. Kc2 b4 44. Kb2 b3 45. Kc1 Kf6 46. Kd2
Ke6 1/2-1/2

[Event "C.to Regionale Umbria"]
[Site "Foligno ITA"]
[Date "2010.06.04"]
[Round "2"]
[White "Caruso, Augusto"]
[Black "Trasciatti, Mirko"]
[Result "1-0"]
[WhiteElo "2261"]
[BlackElo "1926"]
[PlyCount "67"]
[EventDate "2010.06.04"]

1. e4 e6 2. Nf3 d5 3. e5 c5 4. b4 b6 5. a3 Ne7 6. d4 cxd4 7. Nxd4 Qc7 8. f4 a6
9. Bd3 Bb7 10. O-O g6 11. Bb2 Nd7 12. f5 gxf5 13. Bxf5 Nxf5 14. Nxf5 O-O-O 15.
Nd6+ Bxd6 16. exd6 Qxd6 17. Bxh8 Rxh8 18. Nd2 Rg8 19. Nf3 Ne5 20. Nxe5 Qxe5 21.
Qe1 d4 22. Rf2 Qd5 23. Qe2 h5 24. Rd1 h4 25. c3 h3 26. Rxd4 Rxg2+ 27. Rxg2
Qxg2+ 28. Qxg2 Bxg2 29. c4 Kc7 30. Rg4 Bf3 31. Rg3 Be2 32. Rxh3 Bxc4 33. Rc3 b5
34. h4 1-0